A-Z of cars - Statistics

General Stats
  • This quiz has been taken 340 times
    327 since last reset
  • The average score is 13 of 20
Answer Stats
Letter Country Model they make/made Company % Correct
N JAPAN GTR Nissan
93%
H JAPAN NSX Honda
92%
J UNITED STATES Wrangler Jeep
91%
C UNITED STATES Silverado Chevrolet
90%
F ITALY Panda Fiat
89%
B UNITED KINGDOM Continental GT Bentley
87%
L JAPAN LC500 Lexus
83%
P FRANCE 308 Peugeot
79%
O GERMANY Cadet Opel
75%
K SWEDEN Regera Koenigsegg
69%
D ROMANIA Sandero Dacia
68%
G UNITED STATES Sierra GMC
64%
S SPAIN Mii Seat
59%
V UNITED KINGDOM Astra Vauxhall
57%
A UNITED KINGDOM Atom Ariel
54%
R CROATIA Concept 1 Rimac
43%
I USA/HONG KONG ESQ Infiniti
39%
M UNITED KINGDOM 3 wheeler Morgan
39%
Z DENMARK TS1 Zenvo
37%
T UNITED KINGDOM Tuscan TVR
32%
No matching quizzes found
Score Distribution
Percent of People with Each Score
Percentile by Number Answered
Your Score History
You have not taken this quiz since the last reset